القيم الاسلامية و الكفاءة الانتاجية للعمالة في التنمية الاقتصادية و الاجتماعية مع التطبيق في صناعة الحديد و الصلب في مصر/
Saved in:
| Main Author: | |
|---|---|
| Other Authors: | |
| Format: | Thesis |
| Language: | Arabic |
| Published: |
[Misr] :
Ma'ahad al-Dirasat al-Islamiyah,
1984.
|
| Subjects: | |
| Tags: |
Add Tag
No Tags, Be the first to tag this record!
|
| LEADER | 022620000a22004090004500 | ||
|---|---|---|---|
| 001 | 491474 | ||
| 005 | 20230517203528.0 | ||
| 008 | 1984 ua s m ara | ||
| 035 | |a (Sirsi) 491474 | ||
| 040 | |a UIAM |b eng | ||
| 041 | |a ara | ||
| 050 | |a HD9527.E32 | ||
| 100 | 1 | |a عبد الله, أحمد حسين |9 467714 | |
| 242 | 1 | 3 | |a al-Qiyam al-Islamiyah wa-al-kafa'ah al-intajiyah lil-'ummalah fi-al-tanmiyah al-iqtisadiyah wa-al-ijtima'iyah ma'a al-tatbiq fi-sina'at al-hadid wa-al-sulb fi Misr |
| 245 | 1 | 2 | |a القيم الاسلامية و الكفاءة الانتاجية للعمالة في التنمية الاقتصادية و الاجتماعية مع التطبيق في صناعة الحديد و الصلب في مصر/ |c أحمد حسين عبد الله, اشراف حاتم القرنشاوي, محمد عبد السلام المغراوي |
| 260 | |a [Misr] : |b Ma'ahad al-Dirasat al-Islamiyah, |c 1984. | ||
| 300 | |a xl,341 leaves ;c30 cm. | ||
| 336 | |2 rdacontent | ||
| 337 | |2 rdamedia | ||
| 338 | |2 rdacarrier | ||
| 500 | |a "Bahth muqaddam ... lil husul 'ala darajat al-Majistir fi al-iqtisad al-Islami"-- On t. p. | ||
| 502 | |a Thesis (M.A.)--Ma'ahad al-Dirasat al-Islamiyah, 1984. | ||
| 504 | |a Includes bibliographical references (leaves 328-341) | ||
| 610 | |a Sharikat al-Hadid wa al-Sulb al-Misriyah |x Employees |9 467715 | ||
| 650 | |a Labor productivity |x Case studies |z Egypt |9 467716 | ||
| 650 | |a Iron and steel workers |z Egypt |9 467717 | ||
| 650 | |a Work |x Religious aspects Islam |9 10510 | ||
| 650 | |a Economic development |x Islamic perspectives |9 31826 | ||
| 655 | |a Theses, Facsimile edition (Islamic) | ||
| 700 | |a 'Abd Allah, Ahmad Husayn |9 467718 | ||
| 710 | |a Ma'had al-Dirasat al-Islamiyah (Egypt) |9 467719 | ||
| 710 | |a معهد الدراسات الاسلامية (مصر) |9 467720 | ||
| 900 | |a pts sere-ami | ||
| 942 | |2 lcc |n 0 | ||
| 999 | |c 318509 |d 349998 | ||
| 952 | |0 0 |1 0 |4 0 |6 TI HD 9527 E32 A1363Q 1984 |7 0 |8 THESES |9 484978 |a IIUM |b IIUM |c MULTIMEDIA |g 445.50 |l 0 |o ti HD 9527 E32 A1363Q 1984 |p 00011171133 |r 2017-10-23 |t 1 |v 445.50 |y THESIS | ||
| 952 | |0 0 |6 TI HD 9527 E32 A1363Q 1984 |7 0 |8 THESES |9 838834 |a IIiBFL |b IIiBFL |c MULTIMEDIA |g 445.50 |o ti HD 9527 E32 A1363Q 1984 |p 00011171129 |r 2017-10-31 |t 1 |v 445.50 |y THESIS | ||
